| 000 | 00346nam a2200133Ia 4500 | ||
|---|---|---|---|
| 008 | 231017s9999 xx 000 0 und d | ||
| 082 | _a625.7 | ||
| 082 | _bGHA | ||
| 245 | 4 | _aThe November 1999 duzee earthquake; post earthquake investigation of the structures on the TEM | |
| 245 | 0 | _cFHWA | |
| 260 | _bFHWA | ||
| 300 | _c30cm | ||
| 942 | _cREP | ||
| 999 |
_c605737 _d605737 |
||